[Event "World Women-ch k.o."]
[Site "Antakya"]
[Date "2010.12.10"]
[Round "3.1"]
[White "Hou, Yifan"]
[Black "Zhu, Chen"]
[Result "1-0"]
[WhiteElo "2591"]
[BlackElo "2477"]
[Annotator "Mikhalchishin,A"]
[PlyCount "77"]
[EventDate "2010.12.04"]
[EventType "k.o."]
[EventRounds "6"]
[EventCountry "TUR"]
[SourceTitle "CBM 140"]
[Source "ChessBase"]
[SourceDate "2011.01.18"]
[SourceVersion "1"]
[SourceVersionDate "2011.01.18"]
[SourceQuality "1"]

1. e4 e6 2. d4 d5 3. Nc3 Nf6 4. Bg5 dxe4 5. Nxe4 Nbd7 ({For some strange
reasons players have stopped using the sharp Morozevich line} 5... Be7 6. Bxf6
gxf6) 6. Nf3 h6 ({A modern continuation, which is replacing the classical} 6...
Be7) 7. Nxf6+ ({The bishop retreat on the same diagonal does not promise
anything special:} 7. Bh4 Be7 ({Even more interesting is the direct central
attack} 7... c5 8. c3 Qb6 9. dxc5 Bxc5 10. Nxc5 Qxc5 11. Qd4 b6 12. O-O-O Bb7
13. Qxc5 Nxc5 14. Ne5 g5 15. Bg3 Nce4 16. Bb5+ Kf8 17. Bc6 Bxc6 18. Nxc6 Nxg3
19. hxg3 Kg7 20. Rd6 Rhc8 {1/2 Jobava,B -Sturua,Z ,Dubai 2004}) 8. Nxf6+ Bxf6
9. Bxf6 Nxf6 10. Qe2 Qd5 11. Qe5 Bd7 12. Bd3 Qd6 13. O-O-O Bc6 14. Bb5 O-O 15.
Bxc6 Qxc6 16. Kb1 Rfd8 17. Rhe1 a5 18. Qe2 a4 19. a3 Rab8 20. Rd3 b5 21. Ne5
Qb6 22. c3 c5 23. Red1 cxd4 24. Rxd4 Rxd4 25. Rxd4 Qc7 26. f4 {with a slightly
more centralised position in Gashimov,V -Gurevich,M, Odessa 2010.}) (7. Bxf6
Nxf6 8. Bd3 Nxe4 (8... c5 9. Qe2 Qa5+ 10. c3 a6 11. dxc5 Nxe4 12. Qxe4 Qxc5 13.
O-O g6 14. Bc2 Bg7 15. Ba4+ Kf8 16. Rad1 Bf6 17. Rfe1 Kg7 18. Ne5 Ra7 19. Ng4
Be7 20. Bc2 f5 21. Qf3 b6 22. Ne5 Bf6 23. Nd3 {with a rather strong white
initiative in Cao,S-Barsov,A, Guangzhou 2010.}) 9. Bxe4 c5 10. c3 cxd4 11. Qa4+
Qd7 12. Qc4 Bd6 13. Qxd4 O-O 14. O-O-O Bf4+ 15. Kb1 Qxd4 16. Nxd4 a6 17. c4 Bg5
18. Rhe1 Be7 19. f4 Rd8 20. Nf3 a5 21. Ne5 a4 22. c5 Rxd1+ 23. Rxd1 f6 24. Nd7
Bxd7 25. Rxd7 Bxc5 26. Bxb7 Ra7 27. Bc8 e5 28. fxe5 fxe5 29. Rxa7 Bxa7 30. Kc2
e4 31. Bd7 a3 32. b4 Bd4 33. Kb3 Bb2 34. b5 Kf8 35. b6 Ke7 36. Bc6 e3 37. b7
Be5 38. Bf3 Bxh2 {1/2 Polgar,J (2715)-Bareev,E (2734)/Enghien les Bains FRA
2003/The Week in Chess 449}) 7... Nxf6 8. Be3 (8. Bh4 c5 (8... Be7 9. Bd3 c5
10. dxc5 Qa5+ 11. c3 Qxc5 12. Qe2 O-O 13. O-O Rd8 14. Rfe1 b6 15. Ne5 Bb7 16.
Rad1 Rd6 17. b4 Qc7 18. Bg3 Rdd8 19. Rc1 Bd6 20. a3 a5 21. Red1 Rac8 {with a
very promising black position, Fressinet,L-Degraeve,J, Val d'Isere 2004.}) 9.
Bb5+ Bd7 10. Bxd7+ Qxd7 11. Qe2 Be7 12. dxc5 O-O 13. O-O Bxc5 14. Ne5 Qd4 15.
Bxf6 gxf6 16. Nd3 Bd6 17. Qf3 b6 18. c3 Qh4 19. g3 Qg5 20. Rad1 f5 21. Ne1 Bc5
22. Nc2 {Almasi,Z-Meier,G, Paks 2009. White keeps some advantage after b2-b4
and placing the knight on d4.}) 8... Bd6 ({A completely different strategy
with the exchange of the bishop on e3 is also possible:} 8... Nd5 9. Bd3 (9.
Bd2 c5 10. Bb5+ Bd7 11. Bxd7+ (11. Qe2 a6 12. Bxd7+ Qxd7 13. c4 Nf6 14. d5 Bd6
15. O-O O-O 16. Bc3 exd5 17. Bxf6 gxf6 18. cxd5 Qf5 19. Rfe1 Rfe8 20. Qxe8+
Rxe8 21. Rxe8+ Kg7 22. Re2 Qxd5 23. Rd2 Qc6 24. Rad1 Bf4 25. Rd5 c4 {Hou
Yifan-Lu Shanglei, Xinghua 2010. gave Black a rather strong trump - the pawn
on c4.}) 11... Qxd7 12. c4 Nb6 13. Rc1 Be7 14. dxc5 Bxc5 15. b4 Be7 16. c5 Nd5
17. Ne5 Qc7 18. Qa4+ Kf8 19. Nd3 (19. f4 g6 20. O-O Kg7 21. Qb3 $146 Rhd8 22.
Rce1 Bf6 23. Ng4 Bd4+ 24. Kh1 h5 25. Ne5 b6 26. cxb6 Qxb6 27. b5 Bxe5 28. fxe5
a6 $15 29. a4 axb5 30. axb5 Rab8 31. Rb1 Qd4 32. Qb2 Qa4 33. h3 Rdc8 {Shirov,
A-Wang Hao, Moscow 2010. and the knight d5 makes Black's position very solid.})
19... Bg5 (19... g6 20. b5 Kg7 21. O-O Bf6 22. g3 Rhc8 23. Qb3 a6 24. a4 axb5
25. axb5 Qe7 26. Rfe1 Qf8 27. Re4 Ra7 28. b6 Ra6 29. Nb4 Nxb4 30. Qxb4 Rc6 31.
Ree1 Qe7 32. h4 Ra2 33. Be3 g5 34. h5 Ra8 35. Red1 Rd8 36. Qe4 {with clear
advantage, Wang Hao -Hou Yifan ,Danzhou 2010}) 20. Rc2 Rd8 21. O-O Ne7 22. Qa3
Nf5 {Petrosian,T-Ni Hua, Plovdiv 2010. Black will easily overcome some
development problems.}) {Possible is the direct exchange} 9... Nxe3 ({in some
other game in Antakya} 9... Bd6 {was tried:} 10. Qe2 Nxe3 11. Qxe3 Qe7 12. O-O
Bd7 13. Ne5 O-O-O 14. c4 c5 15. dxc5 Bxc5 16. Qe2 Be8 17. Rad1 g5 18. a3 a5 19.
b4 $1 axb4 20. axb4 Bxb4 21. c5 (21. Rb1 {was stronger.}) 21... Bxc5 22. Rb1 f6
$2 ({It was necessary to try to evacuate the king to the other side:} 22... Rd4
23. Be4 Qd6 24. Bxb7+ Kd8) 23. Qa2 Kb8 24. Be4 fxe5 25. Rxb7+ Qxb7 26. Bxb7
Kxb7 27. Rb1+ Kc6 28. Qa6+ Kd5 29. Rd1+ {1-0 Ruan Lufei -Zhang Xiaowen ,
Antakya 2010}) 10. fxe3 Bd6 11. e4 c5 (11... e5 12. dxe5 Bc5 13. Bb5+ c6 14.
Qxd8+ Kxd8 15. Bc4 Ke7 16. a4 Be6 17. Bxe6 Kxe6 18. Rd1 Rhd8 19. Ke2 Bb6 20.
Rd3 Rxd3 21. cxd3 Rd8 22. Rc1 Bd4 23. a5 a6 24. Rc4 Bxe5 25. Nxe5 Kxe5 26. Ke3
g6 27. Rb4 Rd7 {Naiditsch,A-Akobian,V, Moscow 2009. and Black is left with a
slightly worse rook endgame.}) 12. e5 Be7 13. Qe2 (13. c3 cxd4 14. Nxd4 Bc5 15.
Qg4 Bxd4 16. cxd4 Qa5+ 17. Ke2 Bd7 18. Rac1 Bc6 19. Rhf1 Qd5 20. b3 Rd8 21.
Qxg7 Qxg2+ 22. Qxg2 Bxg2 23. Bb5+ Kf8 24. Rf2 Rg8 25. Rc7 Rg7 26. Ke3 Kg8 27.
Be2 Bc6 28. Rf6 a5 29. Rxh6 f5 30. Rxg7+ Kxg7 31. Rxe6 f4+ 32. Kxf4 Rxd4+ 33.
Kg5 Rd2 34. Bg4 Rxa2 35. h3 Kf8 36. Rh6 Kg7 37. Rg6+ Kf8 38. Rf6+ Ke7 39. h4
Rg2 40. Re6+ Kf7 41. Rf6+ Ke7 42. h5 Bd7 43. Rf4 Bxg4 44. Rxg4 Rh2 45. h6 b5
46. Rh4 Rg2+ 47. Kh5 Kf7 48. Rf4+ {1-0 Acs,P (2538)-Baklan,V (2655)/Graz AUT
2010/The Week in Chess 793}) 13... Bd7 14. O-O-O Qc7 15. Bb5 O-O-O 16. Bxd7+
Rxd7 17. dxc5 Rxd1+ 18. Rxd1 Qxc5 19. Rd3 Kb8 20. Qe4 Rd8 21. Rxd8+ Bxd8 22.
Qh7 Qf8 23. Qe4 Bc7 24. c3 a6 25. Qd4 f6 26. exf6 gxf6 {Smeets,J-Caruana,F,
Novi Sad 2009. The endgame is level.}) (8... Ng4 9. Bd2 c5 10. Bc3 Bd7 11. Qe2
Qc7 12. O-O-O O-O-O 13. h3 Nf6 14. dxc5 Bxc5 15. Be5 Qa5 16. a3 Bc6 17. Nd2 Qa4
18. f3 Rd5 19. Nb3 Bb6 20. Rxd5 Bxd5 21. Qd3 Rd8 22. Qc3+ Qc6 23. Qxc6+ Bxc6
24. Bc4 Be3+ 25. Kb1 Nd7 {Black has no real problems.}) (8... a6 9. Bd3 (9. Ne5
) 9... b6 (9... b5) 10. Qe2 Bb7 11. O-O-O Qd5 $5 $146 (11... Qc8) 12. Kb1 (12.
c4 Qa5 13. Kb1 b5 $5 $132) 12... b5 (12... Bd6 13. c4 Qa5 14. d5 $36) 13. Ne5
Bd6 14. c4 (14. f4 $5) 14... bxc4 15. Bxc4 Qa5 16. Rhg1 {(/\ g4-g5)} Rb8 $5 17.
Ka1 Bxe5 $2 {Shirov,A-Gurevich,M ,Reykjavik 2003} ({But according to M.
Gurevich, Black could obtain serious counterplay after} 17... Bd5 $5 18. Bxd5 (
{a)} 18. g4 Qa4 $5 19. g5 $140 hxg5 20. Rxg5 Bxe5 21. Bxd5 Nxd5 22. Rxe5 (22.
dxe5 Nxe3 23. fxe3 Rxh2 $19) 22... Qb5 $17) 18... Nxd5 19. Nc6 Qb5 $15)) 9. Bd3
O-O (9... b6 10. Ne5 O-O ({The sharp game Svidler-M.Gurevich, Gibraltar 2009,
eventually won by White, continued} 10... Bb7 11. Bb5+ Kf8 12. Qe2 a6 13. Bd3
c5 14. O-O-O $146 b5 15. c4 Qc7 16. f4 Ke7 17. f5) 11. Qf3 Nd5 12. Bd2 $1 ({
Premature is} 12. g4 $6 Bb7 {Acs-Meier, Paks 2009}) ({After} 12. c4 {Black can
capture either on e3 or on e5}) 12... Qh4 ({Attacking the d4-pawn. After} 12...
Bb7 {White could have played} 13. O-O-O $5 (13. Qe4 f5 $8 14. Qe2 {hardly
promises him much})) 13. g4 $1 ({After} 13. Be4 Bb7 $13 {Black is threatening
14...f5}) 13... Bb7 14. O-O-O {Svidler,P -Timofeev,A ,Moscow 2009. with
attacking chances.}) 10. Qd2 (10. Qe2 b6 11. O-O-O Bb7 12. Kb1 Nd5 13. Bd2 Qf6
14. Ne5 Nf4 15. Bxf4 Qxf4 16. g3 Qf6 17. Rhe1 Bxe5 18. dxe5 Qf3 19. Qf1 Qg2 20.
Qxg2 Bxg2 21. Be4 Bxe4 22. Rxe4 Rad8 23. Red4 Rxd4 24. Rxd4 f6 25. exf6 Rxf6
26. Rd2 Kf8 27. Kc1 Ke7 {Baklan,V-Meier,G, Lublin 2010. Equalising slowly.})
10... Nd5 11. O-O-O b6 12. Kb1 ({An immediate attack in the centre with} 12. c4
{was not particularly promising:} Nxe3 13. fxe3 Bb7 14. Qc2 c5 15. Bh7+ Kh8 16.
Be4 Bxe4 17. Qxe4 Qc7 {and the white king can have some problems.}) 12... Qe7 {
It is necessary move in any case, and safer than to provoke White to sacrifice
the bishop on h6:} (12... Bb7 13. Bxh6 gxh6 14. Qxh6 f5 15. Qxe6+ $6 ({White
has to be to be satisfied with the perpetual} 15. Qg6+ Kh8 16. Qh6+ Kg8 17.
Qg6+) 15... Kg7 16. Rde1 Qf6 {and White's three pawns are not a sufficient
compensation for the sacrificed bishop.}) 13. Rhe1 (13. c4 {would be
strategically too risky:} Nxe3 14. fxe3 c5 15. Be4 Rb8 16. Rhf1 Ba6 {with a
developing initiative for Black, as White has no clear plan.}) 13... Bb7 ({
A bit slower but possible was} 13... Rd8 14. Ne5 Bb7 15. f4 c5 16. dxc5 bxc5
17. c3 Nxe3 18. Qxe3 Qc7) 14. Ne5 ({It was possible to regroup the pieces:} 14.
c3 Rad8 15. Qc2 c5 16. Bc1 a5 {but it did not promise White anything clear.})
14... Bxe5 ({It was possible to take the other bishop:} 14... Nb4 15. Bf4 c5
16. dxc5 Bxc5 17. a3 Nxd3 18. Nxd3 Rad8 19. Be3 Bd6 20. Bf4 Qh4 {with a very
comfortable position for Black.}) 15. dxe5 Nxe3 $6 ({It was much more logical
to play similarly to the previous variation} 15... Nb4 16. Bf1 Rad8 17. Qe2 Be4
18. Rc1 Bh7) 16. Qxe3 ({It would not be very realistic to try to transfer the
rook to the kingside:} 16. Rxe3 Rad8 17. Rg3 Kh8) 16... Rfd8 ({A more
agressive try was} 16... Qh4 {with the idea to attack the opponent's pawns.})
17. f4 ({Immediate exchanges could not promise anything serious for White} 17.
Be4 Rxd1+ 18. Rxd1 Bxe4 19. Qxe4 Rd8 20. Rxd8+ Qxd8 21. b3 Qd2 {and the queen
endgame is completely equal.}) 17... Rd7 ({The much more aggressive} 17... Qh4
{was preferable:} 18. g3 Qxh2 19. Rd2 Qh3 20. Bf1 Qh5 21. Be2 {with a constant
attack on the black queen.}) ({Or activation on the other side:} 17... c5 18.
Rd2 Rac8 19. b3 Bc6 20. Red1 b5) 18. Rd2 Rad8 19. Red1 Kf8 $6 {A very soft
move.} ({It was clear, that it is necessary to demonstrate activity:} 19... c5
20. g4 Bc6 21. g5 hxg5 22. fxg5 g6 23. h4 Kg7) 20. g3 ({In principle it was
possible to start some sort of pseudo-attack on the opponent's kingside:} 20.
g4) 20... Qc5 $6 {A very risky decision to move into an endgame with doubled
pawns.} ({Much more logical would be} 20... c5 {planning a6 and b5.}) 21. Qxc5+
bxc5 22. Kc1 Bf3 $2 {Why force the exchange - White will have to think about
it anyhow.} ({It was necessary to try to create even some slight counterplay:} 
22... Ke7 23. Bb5 Rd5 24. b3 g5) 23. Be2 Rxd2 24. Rxd2 Rxd2 25. Kxd2 Bd5 {
Of course, pawn endgames with the doubled pawns are always dangerous, as at
some moment it will come down to a shortage of pawn moves. With bishops it is
also very difficult to defend as some black pawns are placed on white squares
in addition to the doubled pawns.} 26. Kc3 Ke7 27. Bc4 Bc6 ({Another option
was to keep the bishop on d5, but soon it would be a problem to find useful
moves.} 27... f6 28. a3 g5 29. fxg5 fxg5 30. b3 Kf7 31. Bd3 Ke7 32. b4 cxb4+
33. axb4 Kf7 34. Kd4 {and the white king starts to penetrate Black's position.}
) 28. Bb3 Bb5 ({There is not much time just for waiting} 28... Bd5 29. Bxd5
exd5 30. f5 Kd7 31. g4 a5 32. Kb3 c4+ 33. Kc3 c5 34. b3 cxb3 35. Kxb3 Kc6 36.
Ka4 c4 37. Kxa5 Kc5 38. e6 fxe6 39. fxe6 Kd6 40. Kb5 Kxe6 41. Kc5 {winning, as
the a2-pawn will go like a rocket.}) 29. Bc4 Bc6 30. Kb3 Kd7 (30... Be4 31. Ka4
Bxc2+ 32. Kb5 Be4 33. Ka6 {would still be a very difficult defence for Black.})
31. Bd3 Bd5+ 32. Ka4 Kc6 ({Or} 32... c4 33. Be2 Kc6 34. Kb4 a5+ 35. Kc3 $1 (35.
Kxa5 c3 $13) 35... Kc5 36. h4 {and Black comes into zugzwang.}) {But now
things become even worse} 33. c4 Bf3 34. Ka5 Kb7 ({There is no way to stop
White's king coming to b5 and capturing the c5-pawn.} 34... f5 35. Bc2 Be2 36.
Ba4+ Kb7 37. Kb5 $18) 35. Kb5 g6 36. Kxc5 {After White wins the c5-pawn the
game is over.} h5 37. Bc2 Bc6 38. b4 a6 39. a3 1-0

[Event "Dos Hermanas op 4th"]
[Site "Dos Hermanas"]
[Date "2004.04.01"]
[Round "8"]
[White "Karjakin, Sergey"]
[Black "Milov, Vadim"]
[Result "1/2-1/2"]
[WhiteElo "2566"]
[BlackElo "2632"]
[Annotator "Milov,V"]
[PlyCount "49"]
[EventDate "2004.03.25"]
[EventType "swiss"]
[EventRounds "9"]
[EventCountry "ESP"]
[SourceTitle "CBM 099 Extra"]
[Source "ChessBase"]
[SourceDate "2004.05.04"]
[SourceVersion "1"]
[SourceVersionDate "2004.05.04"]
[SourceQuality "1"]

1. e4 e6 2. d4 d5 3. Nc3 dxe4 4. Nxe4 Nd7 5. Nf3 Ngf6 6. Bg5 h6 7. Nxf6+ Nxf6
8. Bh4 c5 9. Ne5 Qa5+ 10. c3 cxd4 11. Qxd4 Bc5 12. Nc4 $146 (12. Qf4 Be7 13.
Bg3 (13. Nc4 Qc5 14. Bxf6 gxf6 15. Rd1 Bd7 16. Nd6+ Bxd6 17. Rxd6 O-O-O $36)
13... O-O 14. Be2 Qb6 15. Rb1 Bd7 16. O-O Rfd8 17. Rfd1 Be8 18. Bd3 Rac8 $11)
12... Bxd4 13. Nxa5 Bb6 14. Nc4 Bc7 15. Bg3 Bxg3 16. hxg3 Ke7 17. Be2 Bd7 18.
Bf3 Rac8 19. Ne5 Rc7 $11 20. Rh4 Rd8 21. Rd1 Be8 22. Rxd8 Kxd8 23. Kd2 Ke7 (
23... Nd7 24. Nc4 Ke7 25. Na5 Nc5 $11) 24. a4 b6 25. b3 (25. b3 Nd7) 1/2-1/2

[Event "World Women-ch k.o."]
[Site "Teheran"]
[Date "2017.02.27"]
[Round "6.1"]
[White "Muzychuk, Anna"]
[Black "Tan, Zhongyi"]
[Result "1/2-1/2"]
[WhiteElo "2558"]
[BlackElo "2502"]
[Annotator "Moradiabadi,E"]
[PlyCount "83"]
[EventDate "2017.02.11"]
[EventType "k.o."]
[EventRounds "7"]
[EventCountry "IRI"]
[SourceTitle "CBM 177"]
[Source "ChessBase"]
[SourceDate "2017.03.16"]
[SourceVersion "1"]
[SourceVersionDate "2017.03.16"]
[SourceQuality "1"]

1. e4 e6 $5 {An interesting choice by Tan Zhongyi. She is definitely up to for
something off-beat, since Anna has won every single White game of hers in this
tournament.} 2. d4 d5 3. Nc3 dxe4 {known as the "Rubinstein" system. Tan
decides to go for a technical line. This is a rather rare opening at the top
level. The only person I know who employs this opening on a regular basis is
the strong GM George Meier. At the very top, Jobava managed to successfully
employ it on a couple of rare occasions!} 4. Nxe4 Bd7 {even less common than
the usual Nd7} (4... Nd7 5. Nf3 Ngf6 6. Bg5 Be7 ({Or} 6... h6)) 5. Nf3 Bc6 6.
Bd3 Nd7 7. O-O Ngf6 8. Ned2 $1 {This is considered the best square for the
knight! The dark-squared bishop heads to b2.} Be7 (8... g6 $6 {is a risky and
unreliable way of playing this line.} 9. b3 Be7 10. Bb2 O-O 11. c4 Re8 12. Qe2
Bf8 13. Ne5 Nxe5 14. dxe5 Nd7 15. Be4 Nc5 16. Bxc6 bxc6 17. Nf3 Qd3 18. Rfe1
Red8 19. Kf1 Qxe2+ 20. Rxe2 Nd3 21. Bc3 a5 22. Rd1 Nb4 23. Red2 Rxd2 24. Rxd2
a4 25. a3 Na6 26. b4 Rc8 27. Ng5 Be7 28. Ne4 Kf8 29. Ke2 h5 30. g3 Ke8 31. f4
Nb8 32. Bd4 Nd7 33. Be3 Nb6 34. Kd3 Rd8+ 35. Kc3 Rb8 36. Bc5 Bd8 37. Be3 Be7
38. Rd3 Bd8 39. h3 Be7 40. Rd2 Rd8 41. Rxd8+ Kxd8 42. Bc5 Kd7 43. Kd4 Bd8 44.
Nc3 g5 45. Bxb6 cxb6 46. Nxa4 Kc7 47. Nc3 h4 48. gxh4 gxh4 49. Ne4 Kd7 50. a4
Be7 51. c5 Kc7 52. Nd6 f6 53. Ne8+ Kd8 54. Nxf6 bxc5+ 55. bxc5 Kc7 56. Ng4 Bd8
57. Ne3 Kd7 58. Nc4 Kc7 59. Ke4 Kd7 60. f5 Bg5 61. f6 Bh6 62. a5 Kc7 63. a6 Kb8
64. Na5 Ka7 65. Nxc6+ Kxa6 66. Nd4 {1-0 (66) Inarkiev,E (2709)-Melkumyan,H 
(2633) Doha 2016}) 9. b3 O-O 10. Bb2 b6 11. c4 Bb7 12. Qe2 c5 {All is
according to the latest theory. So far, so good!} 13. Rfe1 $6 {This does not
make enough sense to me. d5 may be a threat but it could easily be parried. In
my opinion, it is more natural to put the rook on d1.} (13. Rad1 cxd4 14. Nxd4
Qc7 15. N2f3 {and despite the fact that Black is ok, she still needs to solve
a couple of problems.}) 13... Re8 14. Rad1 Qc7 15. Ne4 $6 {This is like a
practical 'draw offer' to me but what else to do?} (15. Ne5 {is not better
either.} cxd4 $1 16. Nxf7 {the classical sacrifice does not work here.} Kxf7
17. Qxe6+ Kf8) 15... Nxe4 (15... cxd4 16. Nxd4 a6 {is the 'fighting' way of
playing it according to Komodo, Houdini, and colleagues!}) 16. Bxe4 Bxe4 17.
Qxe4 Nf6 18. Qe5 Bd6 19. Qe2 Rad8 $1 {This equalises with ease. Tan Zhongyi
shows a good understanding of the position. The black king won't be weak after
Bxf6.} 20. dxc5 Bxc5 21. Bxf6 gxf6 22. g3 Rxd1 23. Rxd1 Rd8 24. Kg2 Rxd1 25.
Qxd1 Qc6 26. Qd3 f5 {From here till end of the game, Anna tries different
forms of mating patterns which all lead to nothing but perpetual checks!} 27.
Qd8+ Kg7 28. Qg5+ Kf8 29. h4 Qe4 30. Qd8+ Kg7 31. Qd2 a5 32. h5 h6 33. Qc3+ Kg8
34. Qd2 Kh7 35. Qb2 Qg4 36. Ne5 Qxh5 37. Nd7 Qg5 38. Nf6+ Kh8 39. Ne8+ Kg8 40.
Nf6+ Kh8 41. Ne8+ Kg8 42. Nf6+ {A comfortable draw for Tan Zhongyi. Let us see
what Anna is going to do with her black pieces. She has had some luck against
Kosteniuk and Kashilinskaya but the final is a different matter!} 1/2-1/2